00749nam a2200265 a 4500001001300000003000900013005001700022008004100039020000900080082001600089100001900105245004200124260003400166300000900200500003500209505001000244650002000254650003000274650002200304700001900326902000800345942000700353952010800360999001500468nice12345678IN_TiNIC20260116012829.0050524s1969 newa grp 000 0 eng  ac3500a297.8bBHA1 aBhatnagar, S K aHistory of the M.A.O. College Aligarh aNew DelhibCaslon Pressc1969 a373p aincludes index and biblioraphy2 aIndex aAligarh-Muslims aAligarh Muslim University aIslamic-Education1 aBhatnagar, S K bSRS cBK 00104070aHMIbHMId2007-07-13g35.00l1o297.8 BHA1p013531r2019-09-25s2019-08-07w2026-01-16yEB c8555d8555